banner-ar

موسوعة الفنون الجميلة : (Record no. 60272)

MARC details
000 -الفاتح
حقل البيانات ثابتة الطول 00907nam a22002417a 4500
005 - وقت وتاريخ اخر تعامل مع التسجيلة
رقم الضبط 20240530110401.0
008 - عناصر البيانات ثابتة الطول - معلومات عامة
حقل البيانات ثابتة الطول 150120s2009 le o a e 000 0 ara d
020 ## - الرقم الدولى المعيارى للكتب
الرقم الدولى المعيارى للكتاب 9789953281289
040 ## - مصدر الفهرسة
وكالة الفهرسة الأصلية EG-CaGPL
041 1# - رمز اللغة
رمز لغة النص/ المسارات الصوتية أو العنوان الانفرادي ara
رمز لغة الترجمات و/او الاصلية المتوسطة للنص fre
082 04 - رقم تصنيف ديوى العشرى
رقم الطبعة 21
رقم التصنيف 703
رقم المادة ط/ ع م
100 1# - المدخل الرئيسى - إسم شخصى
الإسم الشخصى فوندويل ، انياس
245 10 - بيان العنوان
العنوان موسوعة الفنون الجميلة :
بقية العنوان الهندسة المعمارية /
بيان المسئوليه,etc انياس فوندويل ؛ تعر يب انطوان ا. الهاشم
250 ## - بيان الطبعة
بيان الطبعة ط1
260 ## - PUBLICATION, DISTRIBUTION, ETC. (IMPRINT)
تاريخ النشر أو التوزيع 2009
300 ## - الوصف المادى
التعداد 25 ص :
تفاصيل ماديه اخرى للوعاء صور لو ؛
أبعاد الوعاء 30 سم
650 04 - المدخل الاضافى بالموضوع-مصطلح موضوعى
مصطلح موضوعي كتب الاطفال
650 04 - المدخل الاضافى بالموضوع-مصطلح موضوعى
مصطلح موضوعي ثقافة الطفل
650 04 - المدخل الاضافى بالموضوع-مصطلح موضوعى
مصطلح موضوعي الهندسة المعمارية
التقسيم الفرعي الشكلي دوائر معارف
700 ## - المدخل الاضافى - اسم شخصى
الإسم الشخصى انطوان ا. الهاشم
الدور مترجم
942 ## - عناصر المدخل الإضافي( كوها)
مصدر التصنيف او مخطط الترفيف Dewey Decimal Classification
Koha [default] item type كتاب
260 ## - PUBLICATION, DISTRIBUTION, ETC. (IMPRINT)
-- بيروت :
-- دار عويدات للنشر و الطباعة ،
Holdings
حالة التراجع حالة الفقد حالة تلف ليس للاعارة المكان المؤقت الموقع الحالى تاريخ الاكتساب اجمالي اﻻعارات رقم الطلب الباركود تاريخ اخر مشاهدة تاريخ تفعيل السعر نوع وعاء كوها
        مكتبة القاهرة الكبرى مكتبة القاهرة الكبرى 01/20/2015   703 ط/ ع م 159280 01/20/2015 01/20/2015 كتاب

Powered By

EGPV